[Event "Cto Aragón Equipos Div Honor Gr II"]
[Site "Aragon"]
[Date "2014.02.22"]
[Round "5.17"]
[White "Fernandez Rubio, Rafael"]
[Black "Del Rey, Diego"]
[Result "1/2-1/2"]
[WhiteElo "2021"]
[BlackElo "2373"]
[PlyCount "151"]
[EventDate "2014.??.??"]
[EventCountry "ESP"]
[WhiteTeam "Tauste"]
[BlackTeam "El Olivar"]

1. e4 c6 2. d4 d5 3. exd5 cxd5 4. Bd3 Nc6 5. c3 Qc7 6. f4 Nh6 7. Qh5 Qa5 8. Nd2
g6 9. Qe2 Qc7 10. Ngf3 Bg7 11. O-O O-O 12. Ne5 f6 13. Nxc6 bxc6 14. Nf3 Bf5 15.
Bxf5 gxf5 16. Qe6+ Rf7 17. Nh4 Qc8 18. Re1 Qxe6 19. Rxe6 Rc8 20. a4 Kf8 21. Bd2
Ke8 22. Rae1 Kd7 23. h3 Bf8 24. Kf2 Rb8 25. Bc1 Rg7 26. R1e2 Kc7 27. Ke1 Rd8
28. Kd2 Rg3 29. b4 Rd6 30. b5 cxb5 31. axb5 Rb6 32. Rxb6 axb6 33. Re6 Ng8 34.
Rc6+ Kb7 35. Ke2 Nh6 36. Be3 Nf7 37. Bf2 Rg8 38. Re6 Nd6 39. Kf3 h5 40. Be1 Kc7
41. Re2 Kd7 42. Ra2 Nxb5 43. Nxf5 e6 44. Ne3 Bh6 45. g4 hxg4+ 46. hxg4 Rc8 47.
Rh2 Bf8 48. Rh7+ Ke8 49. g5 f5 50. Nd1 Rc7 51. Rxc7 Nxc7 52. Nb2 Kf7 53. Nd3
Bd6 54. Ke3 Kg6 55. Ne5+ Kh5 56. Kd3 b5 57. Bd2 Ne8 58. Kc2 Kh4 59. Kb3 Kg3 60.
Bc1 Ng7 61. Kc2 Nh5 62. g6 Bf8 63. Nd7 Bd6 64. Nc5 Ng7 65. Nd3 Kg4 66. Ne5+ Kh5
67. Kd3 b4 68. c4 dxc4+ 69. Kxc4 Ne8 70. Bd2 Bxe5 71. dxe5 Kxg6 72. Kxb4 Nc7
73. Kc5 Kf7 74. Kd6 Nd5 75. Kd7 Nb6+ 76. Kc6 1/2-1/2

[Event "Cto Aragón Equipos Div Honor Gr II"]
[Site "Aragon"]
[Date "2014.02.22"]
[Round "5.18"]
[White "Chueca Forcen, Alberto"]
[Black "Sierra Aguerri, Joaquin"]
[Result "1-0"]
[WhiteElo "2326"]
[BlackElo "2018"]
[PlyCount "53"]
[EventDate "2014.??.??"]
[EventCountry "ESP"]
[WhiteTeam "El Olivar"]
[BlackTeam "Tauste"]

1. e4 d5 2. exd5 Qxd5 3. Nc3 Qa5 4. d4 Nf6 5. Bc4 c6 6. Nge2 Bf5 7. Bd2 e6 8.
Ng3 Bg6 9. h4 h6 10. Nd5 Qd8 11. Nf4 Be4 12. Qe2 Bd5 13. Bd3 Bd6 14. c4 Qc7 15.
Ngh5 Nxh5 16. Nxh5 Bxg2 17. Nxg7+ Kd8 18. Rg1 Bh3 19. Qf3 Bf5 20. Nxf5 exf5 21.
O-O-O Nd7 22. Qxf5 Kc8 23. Rg7 c5 24. dxc5 Qxc5 25. Rxf7 Qxf5 26. Bxf5 Rd8 27.
Ba5 1-0

[Event "Cto Aragón Equipos Div Honor Gr II"]
[Site "Aragon"]
[Date "2014.02.22"]
[Round "5.19"]
[White "Vera Jimenez, Andres"]
[Black "Palacios Latasa, Elias"]
[Result "0-1"]
[WhiteElo "1975"]
[BlackElo "2232"]
[PlyCount "106"]
[EventDate "2014.??.??"]
[EventCountry "ESP"]
[WhiteTeam "Tauste"]
[BlackTeam "El Olivar"]

1. d4 Nf6 2. Nf3 g6 3. g3 Bg7 4. Bg2 O-O 5. O-O Nc6 6. c4 d5 7. Nc3 dxc4 8. d5
Na5 9. Qa4 b6 10. Ne5 Ne4 11. Nxe4 Bxe5 12. Nd2 Ba6 13. d6 c6 14. dxe7 Qxe7 15.
Ne4 Rad8 16. Qc2 c5 17. Bg5 f6 18. Bh6 Rfe8 19. Rad1 Bb7 20. Bd2 Bd4 21. Bxa5
Bxe4 22. Qxc4+ Qf7 23. Qxf7+ Kxf7 24. Bxe4 Rxe4 25. Bxb6 axb6 26. e3 Ke6 27.
exd4 Rdxd4 28. Rxd4 cxd4 29. Rd1 Kd5 30. Kf1 Re7 31. Rd2 b5 32. Re2 Ra7 33. b3
b4 34. Ke1 d3 35. Rd2 Kd4 36. Kd1 Re7 37. a4 bxa3 38. Ra2 Re2 39. Rxa3 Rxf2 40.
Ra6 Kc3 41. Rc6+ Kxb3 42. h4 f5 43. Rc7 Rg2 44. Rxh7 Kc3 45. Rc7+ Kd4 46. h5
gxh5 47. Rh7 Rxg3 48. Rxh5 Ke3 49. Rh1 f4 50. Rf1 Rg8 51. Re1+ Kf2 52. Kd2 f3
53. Re7 Kg2 0-1

[Event "Cto Aragón Equipos Div Honor Gr II"]
[Site "Aragon"]
[Date "2014.02.22"]
[Round "5.20"]
[White "Hernando Garcia, Antonio"]
[Black "Bogomilov Georgiev, Georgi Ii"]
[Result "1-0"]
[WhiteElo "2185"]
[BlackElo "1931"]
[PlyCount "87"]
[EventDate "2014.??.??"]
[EventCountry "ESP"]
[WhiteTeam "El Olivar"]
[BlackTeam "Tauste"]

1. Nf3 Nf6 2. c4 d6 3. g3 e5 4. Nc3 Nc6 5. Bg2 Be6 6. d3 h6 7. Rb1 a5 8. a3 Be7
9. O-O O-O 10. b4 axb4 11. axb4 Qd7 12. b5 Nd8 13. Qb3 Bh3 14. Ba3 Bxg2 15.
Kxg2 b6 16. Ne1 Nh5 17. Nc2 Ne6 18. Rh1 Kh7 19. Nd5 Bd8 20. f3 f5 21. Rbf1 Bg5
22. e4 Bd2 23. Rf2 fxe4 24. dxe4 Ba5 25. Bc1 Rf7 26. Nce3 g6 27. Ng4 g5 28. Be3
Raf8 29. h3 Nhg7 30. h4 gxh4 31. Nxh6 Nd4 32. Bxd4 Kxh6 33. Be3+ Kg6 34. Rxh4
Nh5 35. Qd1 Nf6 36. Rh6+ Kg7 37. Nxf6 Rxf6 38. Qh1 R8f7 39. Rh7+ Kf8 40. Rh8+
Ke7 41. Bg5 c6 42. Bxf6+ Kxf6 43. Qh4+ Ke6 44. Rh6+ 1-0

[Event "Cto Aragón Equipos Div Honor Gr II"]
[Site "Aragon"]
[Date "2014.02.22"]
[Round "5.22"]
[White "Gella Lopez, Angel"]
[Black "Campos Hernandez, Antonio"]
[Result "1-0"]
[WhiteElo "2084"]
[BlackElo "2173"]
[PlyCount "71"]
[EventDate "2014.??.??"]
[EventCountry "ESP"]
[WhiteTeam "Club atletismo Huesca"]
[BlackTeam "ONCE CA Aragon"]

1. Nf3 Nf6 2. c4 d5 3. cxd5 Qxd5 4. Nc3 Qa5 5. g3 Bg4 6. Bg2 Nbd7 7. O-O h5 8.
d4 c6 9. a3 e6 10. Bf4 h4 11. Nxh4 Qh5 12. h3 Bxh3 13. Bxh3 g5 14. Bxg5 Qxg5
15. Qc1 Qg8 16. Bg2 Bh6 17. Qc2 Ng4 18. Ne4 f5 19. Nd6+ Ke7 20. Nxb7 Nxf2 21.
Kxf2 f4 22. Ng6+ Kf6 23. Nxf4 Bxf4 24. gxf4 Ke7 25. Qxc6 Qg4 26. Nc5 Rad8 27.
Bf3 Rh2+ 28. Ke1 Qh4+ 29. Kd1 Qf6 30. e3 Qf5 31. Rc1 Kf7 32. Ne4 Qa5 33. Ng5+
Kg7 34. Nxe6+ Kh8 35. Qc3 Qa6 36. d5+ 1-0

[Event "Cto Aragón Equipos Div Honor Gr II"]
[Site "Aragon"]
[Date "2014.02.22"]
[Round "5.23"]
[White "Laliena Solanes, Luis"]
[Black "Laplaza Ara, Carlos"]
[Result "1/2-1/2"]
[WhiteElo "2147"]
[BlackElo "1988"]
[PlyCount "91"]
[EventDate "2014.??.??"]
[EventCountry "ESP"]
[WhiteTeam "ONCE CA Aragon"]
[BlackTeam "Club atletismo Huesca"]

1. d4 d5 2. Nf3 Nf6 3. e3 e6 4. Bd3 c5 5. b3 Nc6 6. Bb2 Be7 7. O-O b6 8. Nbd2
Bb7 9. Ne5 Nxe5 10. dxe5 Nd7 11. Qg4 g6 12. c4 Qc7 13. f4 O-O-O 14. cxd5 Bxd5
15. Ba6+ Bb7 16. Qe2 Nb8 17. Bxb7+ Kxb7 18. Nc4 Rhe8 19. a4 a5 20. Rad1 Rxd1
21. Rxd1 Rd8 22. Kf2 Nc6 23. Qf3 Rxd1 24. Qxd1 Qd8 25. Qxd8 Nxd8 26. g4 Kc7 27.
Kf3 Nc6 28. f5 Nb4 29. e4 Nd3 30. Ba3 Kc6 31. Ke3 Ne1 32. Ke2 Nc2 33. Bb2 Nb4
34. Bc3 Na6 35. Bd2 Bf8 36. Bg5 Nb8 37. Bd8 Nd7 38. f6 Bh6 39. Kf3 Bc1 40. h4
g5 41. hxg5 Bxg5 42. Be7 Bc1 43. Bd8 Bg5 44. Be7 Bc1 45. Bd8 Bg5 46. Be7
1/2-1/2

[Event "Cto Aragón Equipos Div Honor Gr II"]
[Site "Aragon"]
[Date "2014.02.22"]
[Round "5.24"]
[White "Perez Puyal, Jose Joaquin"]
[Black "Latorre Abad, Fernando"]
[Result "1-0"]
[WhiteElo "1908"]
[BlackElo "2069"]
[PlyCount "129"]
[EventDate "2014.??.??"]
[EventCountry "ESP"]
[WhiteTeam "Club atletismo Huesca"]
[BlackTeam "ONCE CA Aragon"]

1. d4 Nf6 2. Nf3 e6 3. e3 b6 4. Bd3 Bb7 5. Nbd2 c5 6. O-O Be7 7. b3 O-O 8. Bb2
d6 9. Qe2 Nbd7 10. Rad1 Qc7 11. Rfe1 a6 12. c3 e5 13. dxe5 dxe5 14. e4 b5 15.
c4 b4 16. Nf1 Rfe8 17. Bb1 Bf8 18. Rd2 Bc6 19. Red1 g6 20. Ng3 Bh6 21. Rd6 Bf8
22. R6d2 Bh6 23. Rd6 Bf8 24. R6d3 Re7 25. h4 Ne8 26. Ng5 f6 27. Nh3 Ng7 28. f3
Ne6 29. Qd2 Nd4 30. Bxd4 exd4 31. Qf4 Qxf4 32. Nxf4 Bh6 33. Nge2 Ne5 34. R3d2
a5 35. Rb2 a4 36. Bd3 Kf7 37. Nd5 Bxd5 38. cxd5 axb3 39. axb3 Be3+ 40. Kh2 Rea7
41. Bb5 Ra2 42. Rdb1 Rxb2 43. Rxb2 Ra1 44. f4 Ng4+ 45. Kg3 Nf2 46. Kf3 Nd1 47.
Rc2 Nc3 48. Nxc3 bxc3 49. Bc4 Ke7 50. e5 fxe5 51. fxe5 Rc1 52. Rxc1 Bxc1 53.
Bd3 Bh6 54. Ke4 Bg7 55. g4 h6 56. h5 gxh5 57. gxh5 Kd7 58. Kf5 Ke7 59. d6+ Kd7
60. Bb5+ Kd8 61. e6 Bf8 62. e7+ Bxe7 63. dxe7+ Kxe7 64. Bd3 Kf7 65. Ke5 1-0

[Event "Cto Aragón Equipos Div Honor Gr II"]
[Site "Aragon"]
[Date "2014.02.22"]
[Round "5.25"]
[White "Lana Rodriguez, David"]
[Black "Ramon Perez, Jose Luis"]
[Result "1-0"]
[WhiteElo "2309"]
[BlackElo "2238"]
[PlyCount "64"]
[EventDate "2014.??.??"]
[EventCountry "ESP"]
[WhiteTeam "Helios"]
[BlackTeam "Agrupacion"]

1. e4 e6 2. d4 d5 3. Nc3 Nf6 4. e5 Nfd7 5. Nce2 c5 6. c3 Nc6 7. f4 f5 8. exf6
Qxf6 9. Nf3 cxd4 10. Nexd4 Bd6 11. g3 e5 12. Nb5 Bb8 13. Qxd5 a6 14. fxe5 Ndxe5
15. Nbd4 Nxd4 16. Nxd4 Ng4 17. Qe4+ Be5 18. Bf4 O-O 19. Bc4+ Kh8 20. Bd3 Qg6
21. Qxg6 hxg6 22. Bxe5 Nxe5 23. Be2 Bg4 24. Rf1 Rfe8 25. Bxg4 Nxg4+ 26. Kd2 Ne3
27. Rf3 Nc4+ 28. Kc2 b5 29. a3 Rad8 30. b3 Ne5 31. Re3 Ng4 32. Rxe8+ Rxe8 1-0

[Event "Cto Aragón Equipos Div Honor Gr II"]
[Site "Aragon"]
[Date "2014.02.22"]
[Round "5.26"]
[White "Mimbela Lopez, Miguel A"]
[Black "Guzman Moneo, Alberto"]
[Result "0-1"]
[WhiteElo "2173"]
[BlackElo "2170"]
[PlyCount "79"]
[EventDate "2014.??.??"]
[EventCountry "ESP"]
[WhiteTeam "Agrupacion"]
[BlackTeam "Helios"]

1. e4 e5 2. f4 d5 3. exd5 exf4 4. Nf3 Nf6 5. d4 Bd6 6. Bb5+ c6 7. dxc6 Nxc6 8.
Qe2+ Be6 9. Ng5 O-O 10. Nxe6 Qb6 11. Bxc6 bxc6 12. Nd2 Rae8 13. Nc4 Qb8 14. O-O
f3 15. Qxf3 Bxh2+ 16. Kh1 Rxe6 17. Bf4 Bxf4 18. Qxf4 Qb4 19. b3 Qc3 20. Qd2 Nd5
21. Qxc3 Nxc3 22. Rf3 Rh6+ 23. Rh3 Rxh3+ 24. gxh3 Re8 25. Na5 Re6 26. a4 f5 27.
Rf1 g6 28. Rf3 Nd5 29. c4 Nf6 30. Rd3 Kf7 31. b4 f4 32. b5 cxb5 33. axb5 a6 34.
Nc6 Re1+ 35. Kg2 axb5 36. cxb5 Rb1 37. Na7 Ke6 38. Ra3 Kf5 39. Kf3 Ne4 40. Ra5
0-1

[Event "Cto Aragón Equipos Div Honor Gr II"]
[Site "Aragon"]
[Date "2014.02.22"]
[Round "5.27"]
[White "Cerrajeria Ruiz, Jesus Maria"]
[Black "Carruez Berges, Santiago"]
[Result "0-1"]
[WhiteElo "2140"]
[BlackElo "2144"]
[PlyCount "61"]
[EventDate "2014.??.??"]
[EventCountry "ESP"]
[WhiteTeam "Helios"]
[BlackTeam "Agrupacion"]

1. c4 g6 2. g3 Bg7 3. Bg2 e5 4. Nf3 Nc6 5. Nc3 Nge7 6. O-O O-O 7. d3 d6 8. Bd2
h6 9. Rb1 Be6 10. Qc1 Kh7 11. Ne4 Nd4 12. Re1 Nec6 13. b4 Nxf3+ 14. Bxf3 Nd4
15. Bg2 Bg4 16. Nc3 c6 17. h3 Bd7 18. b5 f5 19. bxc6 bxc6 20. Rb7 Qc8 21. Qb2
f4 22. Kh2 f3 23. e3 fxg2 24. exd4 Rxf2 25. Ne4 Rf1 26. Kxg2 Bxh3+ 27. Kh2 d5
28. Nd6 Rf2+ 29. Kg1 Rg2+ 30. Kh1 Qf8 31. dxe5 0-1

[Event "Cto Aragón Equipos Div Honor Gr II"]
[Site "Aragon"]
[Date "2014.02.22"]
[Round "5.28"]
[White "Carretero Cacho, Juan Jose"]
[Black "Montes Santos, Lorenzo"]
[Result "0-1"]
[WhiteElo "2066"]
[BlackElo "2049"]
[PlyCount "30"]
[EventDate "2014.??.??"]
[EventCountry "ESP"]
[WhiteTeam "Agrupacion"]
[BlackTeam "Helios"]

1. e4 c5 2. Nf3 g6 3. d4 Bg7 4. Nc3 cxd4 5. Nxd4 Nc6 6. Be3 Nf6 7. Nxc6 bxc6 8.
e5 Nd5 9. Nxd5 cxd5 10. Qxd5 Rb8 11. Bxa7 Rxb2 12. Bd4 Rxc2 13. Bd3 Rc6 14. O-O
Bb7 15. Rfb1 Rc1+ 0-1

[Event "Cto Aragón Equipos Div Honor Gr II"]
[Site "Aragon"]
[Date "2014.02.22"]
[Round "5.29"]
[White "Adla, Diego"]
[Black "Llanes Luno, Ricardo"]
[Result "1-0"]
[WhiteElo "2471"]
[BlackElo "2193"]
[PlyCount "69"]
[EventDate "2014.??.??"]
[EventCountry "ESP"]
[WhiteTeam "St. Casablanca"]
[BlackTeam "Delicias"]

1. c4 c6 2. e4 d5 3. exd5 cxd5 4. d4 Nf6 5. Nc3 g6 6. cxd5 Bg7 7. Qb3 O-O 8.
Nge2 Nbd7 9. g3 Nb6 10. Bg2 Bg4 11. Nf4 Ne8 12. h3 Bd7 13. O-O Nd6 14. Rd1 Nf5
15. Nfe2 Rc8 16. Bf4 h6 17. Be5 g5 18. Bxg7 Kxg7 19. Qc2 Nd6 20. b3 Bf5 21. Qd2
Qd7 22. g4 Bg6 23. f4 f5 24. fxg5 fxg4 25. gxh6+ Kh7 26. h4 Rf3 27. Re1 Nxd5
28. h5 Be4 29. Nxd5 Bxd5 30. Qg5 Nf5 31. Qg6+ Kh8 32. Bxf3 gxf3 33. Nf4 Rg8 34.
Kh2 Nh4 35. Kg3 1-0

[Event "Cto Aragón Equipos Div Honor Gr II"]
[Site "Aragon"]
[Date "2014.02.22"]
[Round "5.30"]
[White "Roche Simon, Manuel Angel"]
[Black "Glavina, Pablo"]
[Result "1-0"]
[WhiteElo "2142"]
[BlackElo "2444"]
[PlyCount "93"]
[EventDate "2014.??.??"]
[EventCountry "ESP"]
[WhiteTeam "Delicias"]
[BlackTeam "St. Casablanca"]

1. e4 c5 2. Nf3 Nc6 3. d4 cxd4 4. Nxd4 Nf6 5. Nc3 e5 6. Ndb5 d6 7. Bg5 a6 8.
Na3 Be6 9. Nc4 Rc8 10. Bd3 Be7 11. Bxf6 Bxf6 12. Ne3 O-O 13. O-O Bg5 14. Ncd5
Ne7 15. c4 Bxd5 16. Nxd5 Nxd5 17. cxd5 g6 18. g3 Qb6 19. Kh1 Qxb2 20. f4 exf4
21. gxf4 Bf6 22. Rb1 Qxa2 23. Rxb7 Rc3 24. Qe2 Qxe2 25. Bxe2 Re3 26. Bf3 Bd4
27. Rd7 Bc5 28. Rc7 Bb4 29. Kg2 Rb8 30. f5 g5 31. f6 Rc3 32. Ra7 Rc2+ 33. Kh3
Bd2 34. Bh5 Bf4 35. Bxf7+ Kh8 36. Kg4 Rxh2 37. Kf5 Rh6 38. Rxa6 Rf8 39. Ke6 Be5
40. Ke7 Rb8 41. Ra7 g4 42. Be6 g3 43. f7 Bg7 44. f8=Q+ Bxf8+ 45. Rxf8+ Rxf8 46.
Kxf8 g2 47. Kf7 1-0

[Event "Cto Aragón Equipos Div Honor Gr II"]
[Site "Aragon"]
[Date "2014.02.22"]
[Round "5.31"]
[White "Lopez Gracia, Fernando"]
[Black "Neila Castillo, Miguel Angel"]
[Result "0-1"]
[WhiteElo "2354"]
[BlackElo "2082"]
[PlyCount "76"]
[EventDate "2014.??.??"]
[EventCountry "ESP"]
[WhiteTeam "St. Casablanca"]
[BlackTeam "Delicias"]

1. d4 Nf6 2. c4 c5 3. d5 e6 4. Nc3 exd5 5. cxd5 d6 6. Nf3 g6 7. Qa4+ Bd7 8. Qb3
Qb6 9. Qxb6 axb6 10. e4 Na6 11. Bg5 Be7 12. Bxa6 bxa6 13. O-O h6 14. Bh4 g5 15.
Bg3 Nh5 16. e5 Nxg3 17. hxg3 O-O 18. exd6 Bxd6 19. Ne4 Be7 20. d6 Bd8 21. Ne5
Bf5 22. Rfe1 Re8 23. Nc3 Bf6 24. f4 Rad8 25. Rad1 Re6 26. d7 Bxe5 27. fxe5 Kg7
28. Rd5 Rc6 29. Red1 Rc7 30. Rf1 Be6 31. Rd6 b5 32. Rxa6 Rcxd7 33. Ne4 Rd5 34.
Ra7 Rxe5 35. Nc3 b4 36. Na4 Rd2 37. Kh2 Bd5 38. Rg1 g4 0-1

[Event "Cto Aragón Equipos Div Honor Gr II"]
[Site "Aragon"]
[Date "2014.02.22"]
[Round "5.32"]
[White "Campo Millan, Diego"]
[Black "Quintin Navarro, Alberto"]
[Result "0-1"]
[WhiteElo "2069"]
[BlackElo "2320"]
[PlyCount "50"]
[EventDate "2014.??.??"]
[EventCountry "ESP"]
[WhiteTeam "Delicias"]
[BlackTeam "St. Casablanca"]

1. e4 c5 2. Nc3 Nc6 3. g3 g6 4. Bg2 Bg7 5. d3 d6 6. Be3 Rb8 7. f4 Nf6 8. Nf3
Bg4 9. h3 Bxf3 10. Qxf3 Nd7 11. O-O b5 12. e5 Nd4 13. Bxd4 cxd4 14. exd6 dxc3
15. dxe7 Kxe7 16. Rae1+ Kf8 17. Qd5 Bf6 18. bxc3 Bxc3 19. Re2 Kg7 20. f5 Nf6
21. Qb3 b4 22. g4 g5 23. Rf3 Re8 24. Kf1 Qd4 25. Qa4 Rxe2 0-1

[Event "Cto Aragón Equipos Pref Gr I"]
[Site "Aragón"]
[Date "2014.02.22"]
[Round "5.33"]
[White "Cebrian Valverde, Jose Antonio"]
[Black "Gracia Suarez, Jesus"]
[Result "0-1"]
[WhiteElo "2141"]
[BlackElo "2115"]
[PlyCount "122"]
[EventDate "2014.??.??"]
[EventRounds "9"]
[EventCountry "ESP"]
[WhiteTeam "San Jose"]
[BlackTeam "Sta Isabel"]

1. d4 Nf6 2. c4 c5 3. d5 b5 4. cxb5 a6 5. bxa6 g6 6. Nc3 Bxa6 7. g3 d6 8. Bg2
Bg7 9. Nf3 Nbd7 10. Rb1 Nb6 11. O-O Bc4 12. Nh4 Bxa2 13. Nxa2 Rxa2 14. e4 O-O
15. Bd2 Qa8 16. e5 Nfxd5 17. exd6 e6 18. Bc3 Qc6 19. Bxg7 Kxg7 20. b4 Qxd6 21.
bxc5 Qxc5 22. Qb3 Rfa8 23. Rbc1 Qa3 24. Rb1 Qxb3 25. Rxb3 Rc8 26. Nf3 Rcc2 27.
Nd4 Rd2 28. Nf3 Rdb2 29. Rxb2 Rxb2 30. h4 Nf6 31. Ne5 Re2 32. Nd3 Rc2 33. Rb1
Nc4 34. Rc1 Rxc1+ 35. Nxc1 Nd2 36. f3 h5 37. Kf2 Nd5 38. Bf1 Nxf1 39. Kxf1 Ne3+
40. Kf2 Nf5 41. Nd3 Kf6 42. f4 Nh6 43. Kf3 Ng4 44. Nc5 Ke7 45. Ne4 f6 46. Nc5
Kd6 47. Nb7+ Kd5 48. Nd8 Nh6 49. Ke3 Nf5+ 50. Kf3 e5 51. fxe5 fxe5 52. Nf7 e4+
53. Kf4 e3 54. Ne5 Nxg3 55. Nf3 Nf5 56. Kg5 e2 57. Ne1 Ke4 58. Kxg6 Ng3 59. Kg5
Ke3 60. Nc2+ Kd2 61. Nd4 e1=Q 0-1

[Event "Cto Aragón Equipos Pref Gr I"]
[Site "Aragón"]
[Date "2014.02.22"]
[Round "5.34"]
[White "Garcia Gracia, Victor Hugo"]
[Black "Gimeno Oteo, Marco Antonio"]
[Result "1/2-1/2"]
[WhiteElo "1980"]
[BlackElo "2121"]
[PlyCount "42"]
[EventDate "2014.??.??"]
[EventRounds "9"]
[EventCountry "ESP"]
[WhiteTeam "Sta Isabel"]
[BlackTeam "San Jose"]

1. e4 e5 2. Nf3 f5 3. Nxe5 Qf6 4. d4 d6 5. Nc4 fxe4 6. Nc3 Qg6 7. f3 Nf6 8.
fxe4 Be7 9. e5 Ng4 10. Bf4 O-O 11. Qf3 Nc6 12. Bd3 Nxd4 13. Qd5+ Qf7 14. O-O
dxe5 15. Bxe5 Qxd5 16. Nxd5 Bc5 17. Ne7+ Bxe7 18. Rxf8+ Bxf8 19. Bxd4 c5 20.
Bc3 b5 21. Ne5 Nxe5 1/2-1/2

[Event "Cto Aragón Equipos Pref Gr I"]
[Site "Aragón"]
[Date "2014.02.22"]
[Round "5.35"]
[White "Gutierrez Mingueza, Ruben"]
[Black "Diaz Boils, Ximo"]
[Result "0-1"]
[WhiteElo "2081"]
[BlackElo "1975"]
[PlyCount "118"]
[EventDate "2014.??.??"]
[EventRounds "9"]
[EventCountry "ESP"]
[WhiteTeam "San Jose"]
[BlackTeam "Sta Isabel"]

1. d4 Nf6 2. c4 c5 3. d5 e6 4. Nc3 exd5 5. cxd5 d6 6. Nf3 g6 7. h3 Bg7 8. e4
O-O 9. Bd3 a6 10. a4 Re8 11. O-O Qc7 12. Re1 Nbd7 13. Bf4 Nh5 14. Bh2 Rb8 15.
Nd2 Ne5 16. Be2 Nf6 17. f4 Ned7 18. Bd3 c4 19. Nxc4 b5 20. axb5 axb5 21. Nd2 b4
22. Na4 Nc5 23. Nxc5 Qxc5+ 24. Kh1 Qd4 25. Qc2 Nd7 26. Rab1 Nc5 27. Bc4 Bd7 28.
Nf3 b3 29. Bxb3 Qb4 30. Bc4 Nxe4 31. g4 Nf2+ 32. Kg2 Rec8 33. b3 Nxh3 34. Kxh3
h5 35. Nh4 Bxg4+ 36. Kg3 Bf6 37. Nxg6 fxg6 38. Qxg6+ Bg7 39. Bg1 Qc3+ 40. Re3
Qf6 41. Qxf6 Bxf6 42. Rbe1 Bf5 43. Re6 Bxe6 44. dxe6 Kf8 45. Kf3 Ke7 46. f5 Rg8
47. Bf2 Rg5 48. Ke4 Rd8 49. Bd5 Rb8 50. Rc1 Rg4+ 51. Kf3 Kd8 52. Be1 Rb5 53.
Rd1 Be5 54. Bc4 Rc5 55. Bb4 Rc6 56. Bd2 Ke7 57. Bd5 Rc2 58. Be4 Rb2 59. b4 Rb3+
0-1

[Event "Cto Aragón Equipos Pref Gr I"]
[Site "Aragón"]
[Date "2014.02.22"]
[Round "5.36"]
[White "Perez Boy, Pedro"]
[Black "Rubio Tello, Abel"]
[Result "1/2-1/2"]
[WhiteElo "1829"]
[BlackElo "1860"]
[PlyCount "87"]
[EventDate "2014.??.??"]
[EventRounds "9"]
[EventCountry "ESP"]
[WhiteTeam "Sta Isabel"]
[BlackTeam "San Jose"]

1. e4 e6 2. d4 d5 3. Nc3 Nf6 4. Bg5 dxe4 5. Nxe4 Be7 6. Nxf6+ Bxf6 7. Bxf6 Qxf6
8. Nf3 O-O 9. Bd3 Nd7 10. O-O c5 11. c3 b6 12. Be4 Rb8 13. Qc2 h6 14. Rad1 Qf4
15. g3 Qc7 16. Ne1 Bb7 17. Bxb7 Qxb7 18. Qe2 cxd4 19. Rxd4 Nf6 20. Nc2 Rbd8 21.
Rfd1 Qc7 22. Na3 Rxd4 23. Rxd4 Qb7 24. Nc4 Qc6 25. Qd3 Rc8 26. Rd8+ Rxd8 27.
Qxd8+ Kh7 28. Ne5 Qe4 29. Qd3 Qxd3 30. Nxd3 Nd7 31. f4 Kg6 32. Kf2 Kf5 33. Kf3
h5 34. a4 e5 35. Nxe5 Nxe5+ 36. fxe5 Kxe5 37. h4 f6 38. g4 hxg4+ 39. Kxg4 Ke4
40. Kg3 f5 41. h5 Ke3 42. Kg2 Ke2 43. Kg3 Ke3 44. Kg2 1/2-1/2

[Event "Cto Aragón Equipos Pref Gr I"]
[Site "Aragón"]
[Date "2014.02.22"]
[Round "5.37"]
[White "Felez Casedas, Carlos"]
[Black "Soriano Ascaso, Ignacio"]
[Result "0-1"]
[WhiteElo "2019"]
[BlackElo "2134"]
[PlyCount "120"]
[EventDate "2014.??.??"]
[EventRounds "9"]
[EventCountry "ESP"]
[WhiteTeam "L´Aurora Estadilla B"]
[BlackTeam "Sabiñanigo"]

1. e4 g6 2. Nf3 Bg7 3. Bc4 d6 4. d3 a6 5. a4 e6 6. Bg5 Ne7 7. Qc1 h6 8. Bd2 Nd7
9. O-O b6 10. Nc3 Bb7 11. Re1 g5 12. Ne2 g4 13. Nfd4 e5 14. Nf5 Nxf5 15. exf5
h5 16. d4 h4 17. Nc3 h3 18. g3 Kf8 19. Bd5 c6 20. Bh1 exd4 21. Ne4 Ne5 22. Bg5
f6 23. Bf4 Rh5 24. Qd1 Rxf5 25. Qxd4 d5 26. Rad1 c5 27. Nxc5 bxc5 28. Qxc5+ Qe7
29. Qxe7+ Kxe7 30. Bxd5 Bxd5 31. Rxd5 Rd8 32. Rxd8 Kxd8 33. Bxe5 Rxe5 34. Rd1+
Kc7 35. Kf1 f5 36. c3 a5 37. Rd4 Kc6 38. Rc4+ Rc5 39. Rf4 Bh6 40. Rd4 Rd5 41.
Rc4+ Kd6 42. b4 Rd1+ 43. Ke2 Rd2+ 44. Ke1 Ra2 45. bxa5 Kd5 46. Rd4+ Kc5 47. a6
Ra1+ 48. Ke2 Ra2+ 49. Kd1 Kb6 50. Rd6+ Ka7 51. Ke1 Bg5 52. Rd5 Kxa6 53. Rxf5
Bd2+ 54. Kd1 Bxc3 55. Rf4 Be5 56. Re4 Rxf2 57. Rxe5 Rxh2 58. Re6+ Ka5 59. Re5+
Kxa4 60. Re4+ Kb3 0-1

[Event "Cto Aragón Equipos Pref Gr I"]
[Site "Aragón"]
[Date "2014.02.22"]
[Round "5.38"]
[White "Calleja Sanchez, Alfredo"]
[Black "Fuentes Espuna, Juan Antonio"]
[Result "0-1"]
[WhiteElo "1894"]
[BlackElo "1920"]
[PlyCount "74"]
[EventDate "2014.??.??"]
[EventRounds "9"]
[EventCountry "ESP"]
[WhiteTeam "Sabiñanigo"]
[BlackTeam "L´Aurora Estadilla B"]

1. e4 c5 2. Nc3 Nc6 3. g3 g6 4. d3 Bg7 5. Be3 d6 6. Qd2 Be6 7. Nge2 Nf6 8. Bh6
O-O 9. Bg2 Qb6 10. Bxg7 Kxg7 11. Rb1 Rac8 12. O-O Rfd8 13. Nf4 Nd4 14. Nfd5
Bxd5 15. Nxd5 Nxd5 16. exd5 e5 17. dxe6 fxe6 18. c3 Nf5 19. Qe2 Re8 20. Qe4 Re7
21. Rfe1 Rf8 22. Qc4 Rfe8 23. b4 cxb4 24. Rxb4 d5 25. Qf4 Qc7 26. Rxe6 Qxc3 27.
Rxe7+ Rxe7 28. Bxd5 Qxd3 29. Bxb7 Re1+ 30. Kg2 Qf1+ 31. Kf3 h5 32. Qc4 Re3+ 33.
Kf4 Qxf2+ 34. Kg5 Rxg3+ 35. hxg3 Qxg3+ 36. Qg4 hxg4 37. Rxg4 Qe3+ 0-1

[Event "Cto Aragón Equipos Pref Gr I"]
[Site "Aragón"]
[Date "2014.02.22"]
[Round "5.39"]
[White "Puertolas Serena, Arturo"]
[Black "Climente Martinez, Jose Luis"]
[Result "1/2-1/2"]
[WhiteElo "1917"]
[BlackElo "1888"]
[PlyCount "71"]
[EventDate "2014.??.??"]
[EventRounds "9"]
[EventCountry "ESP"]
[WhiteTeam "L´Aurora Estadilla B"]
[BlackTeam "Sabiñanigo"]

1. e4 e6 2. d4 d5 3. e5 c5 4. c3 Nc6 5. Nf3 Nge7 6. Bd3 Qb6 7. dxc5 Qc7 8. Bf4
Ng6 9. Bxg6 hxg6 10. b4 a5 11. Qb3 axb4 12. cxb4 b6 13. Nbd2 bxc5 14. bxc5 Bxc5
15. O-O Ba6 16. Rfc1 Qa7 17. Bg3 O-O 18. Qc3 Bd4 19. Qxc6 Bxa1 20. Rxa1 Rfc8
21. Qa4 Qc7 22. h3 Qc3 23. Qd4 Qa3 24. Qb6 Rab8 25. Qd6 Qc3 26. Re1 Qa5 27. Re3
Bc4 28. Ra3 Qb4 29. Ra7 Be2 30. Qd7 Rf8 31. Bh4 Bxf3 32. Nxf3 Qf4 33. Bg3 Rb1+
34. Kh2 Qc1 35. Bh4 Qf4+ 36. Bg3 1/2-1/2

[Event "Cto Aragón Equipos Pref Gr I"]
[Site "Aragón"]
[Date "2014.02.22"]
[Round "5.40"]
[White "Garcia Estruch, Jorge"]
[Black "Landa Galindo, Victor"]
[Result "1/2-1/2"]
[WhiteElo "1869"]
[BlackElo "1904"]
[PlyCount "119"]
[EventDate "2014.??.??"]
[EventRounds "9"]
[EventCountry "ESP"]
[WhiteTeam "Sabiñanigo"]
[BlackTeam "L´Aurora Estadilla B"]

1. e4 e6 2. d4 d5 3. e5 c5 4. c3 Nc6 5. Nf3 Qb6 6. a3 c4 7. Nbd2 Na5 8. Be2 Bd7
9. Rb1 Rc8 10. O-O Be7 11. Qc2 Nh6 12. Re1 Nf5 13. g4 Nh4 14. Nxh4 Bxh4 15. Nf3
Be7 16. Bf4 Nb3 17. Bd1 a5 18. Qe2 a4 19. Bc2 Qd8 20. Qe3 h5 21. g5 g6 22. Nh4
Rg8 23. Kh1 Bc6 24. Rg1 Kd7 25. Nf3 Kc7 26. h4 b5 27. Nd2 Kb7 28. Kh2 Qf8 29.
Bg3 Bd7 30. f4 Bd8 31. Bd1 Qe8 32. Bf3 Bc6 33. Rbe1 Qd7 34. Qe2 Re8 35. Nf1 Bb6
36. Rd1 Rcd8 37. Ne3 Ka6 38. Nc2 Ba5 39. Rge1 Qb7 40. Ne3 Ka7 41. Qg2 Bb6 42.
Re2 Bc7 43. Bf2 Ka6 44. Nc2 Ba5 45. Rde1 Qd7 46. Re3 Nd2 47. Bd1 Nb3 48. Bg1
Ka7 49. Nb4 Bxb4 50. axb4 Kb6 51. Bxb3 axb3 52. Ra1 Ra8 53. Ree1 Ra4 54. Qf1
Rea8 55. Rxa4 Rxa4 56. Ra1 Qa7 57. Rxa4 Qxa4 58. Qe2 Qa1 59. Be3 Qb1 60. Kg3
1/2-1/2